Estar, ser y convivir en la escuela : (Registro nro. 13691)

Detalles MARC
000 -LEADER
fixed length control field 01217nam a2200301 a 4500
001 - CONTROL NUMBER
control field
003 - CONTROL NUMBER IDENTIFIER
control field DO-SdBNP
005 - DATE AND TIME OF LATEST TRANSACTION
control field 20210830135330.0
008 - FIXED-LENGTH DATA ELEMENTS--GENERAL INFORMATION
fixed length control field 100811s2019 dr r 000 0 spa d
020 ## - INTERNATIONAL STANDARD BOOK NUMBER
International Standard Book Number 9789945917598
040 ## - CATALOGING SOURCE
Original cataloging agency DO-SdBNP
Language of cataloging spa
Transcribing agency BPMSU
082 ## - DEWEY DECIMAL CLASSIFICATION NUMBER
Classification number 371.7293
Item number P116e 2019
Edition number 22
100 1# - MAIN ENTRY--PERSONAL NAME
Personal name Pacheco Salazar, Berenice
245 10 - TITLE STATEMENT
Title Estar, ser y convivir en la escuela :
Remainder of title una mirada profunda a la violencia escolar en la República Dominicana /
Statement of responsibility, etc. Berenice Pacheco Salazar.
260 ## - PUBLICATION, DISTRIBUTION, ETC. (IMPRINT)
Place of publication, distribution, etc. Santo Domingo :
Name of publisher, distributor, etc. INTEC ;
-- INAFOCAM,
Date of publication, distribution, etc. 2019.
300 ## - PHYSICAL DESCRIPTION
Extent 380 p. :
Dimensions 23 cm.
500 ## - GENERAL NOTE
General note Incluye datos biográficos del autora en las solapas
505 0# - FORMATTED CONTENTS NOTE
Formatted contents note Convivencia y violencia escolar 11 -- Diseño metodológico 31.
590 ## - LOCAL NOTE (RLIN)
Local note Inventariado, 2020/BT
650 #4 - SUBJECT ADDED ENTRY--TOPICAL TERM
Topical term or geographic name as entry element Educación
Geographic subdivision República Dominicana
650 #4 - SUBJECT ADDED ENTRY--TOPICAL TERM
Topical term or geographic name as entry element Violencia en la educación
Geographic subdivision República Dominicana
650 #4 - SUBJECT ADDED ENTRY--TOPICAL TERM
Topical term or geographic name as entry element Acoso escolar
General subdivision Aspectos sociales
Geographic subdivision República Dominicana
710 2# - ADDED ENTRY--CORPORATE NAME
Corporate name or jurisdiction name as entry element Organización Estados Iberoamericano
710 2# - ADDED ENTRY--CORPORATE NAME
Corporate name or jurisdiction name as entry element Instituto Nacional de Formación y Capacitación del Magisterio (República Dominicana)
710 2# - ADDED ENTRY--CORPORATE NAME
Corporate name or jurisdiction name as entry element Instituto Tecnológico de Santo Domingo
910 ## - USER-OPTION DATA (OCLC)
User-option data VMateo V.
942 ## - ADDED ENTRY ELEMENTS (KOHA)
Source of classification or shelving scheme Dewey Decimal Classification
Koha item type Libros
Existencias
Withdrawn status Lost status Source of classification or shelving scheme Damaged status Not for loan Home library Current library Date acquired Source of acquisition Total Checkouts Full call number Barcode Date last seen Price effective from Koha item type Copy number Collection code
    Dewey Decimal Classification     Biblioteca Pública Metropolitana Salomé Ureña Biblioteca Pública Metropolitana Salomé Ureña 08/30/2021 INTEC   BPMSU CD 371.7293 P116e 2019 BPMSU21080106 08/30/2021 08/30/2021 Libros    
    Dewey Decimal Classification     Biblioteca Pública Metropolitana Salomé Ureña Biblioteca Pública Metropolitana Salomé Ureña 08/30/2021 INTEC   BPMSU CD 371.7293 P116e 2019 BPMSU21080107 08/30/2021 08/30/2021 Libros e.2  
    Dewey Decimal Classification     Biblioteca Pública Metropolitana Salomé Ureña Biblioteca Pública Metropolitana Salomé Ureña 08/30/2021 INTEC   BPMSU CD 371.7293 P116e 2019 BPMSU26020078 02/12/2026 08/30/2021 Libros e.3 Colección Dominicana